Determinación del precio internacional del petróleo opciones para México / (Registro nro. 12405)
[ vista simple ]
| 000 -LEADER | |
|---|---|
| fixed length control field | 02571nam a2200301Ia 4500 |
| 003 - CONTROL NUMBER IDENTIFIER | |
| control field | OSt |
| 005 - DATE AND TIME OF LATEST TRANSACTION | |
| control field | 20210908165420.0 |
| 008 - FIXED-LENGTH DATA ELEMENTS--GENERAL INFORMATION | |
| fixed length control field | 210310s1994 mx ad gr 000 0 spa d |
| 020 ## - INTERNATIONAL STANDARD BOOK NUMBER | |
| International Standard Book Number | 9681641290 |
| 040 ## - CATALOGING SOURCE | |
| Original cataloging agency | CO-JMCR |
| Transcribing agency | CO-JMCR |
| 041 0# - LANGUAGE CODE | |
| Language code of text/sound track or separate title | spa |
| 082 04 - DEWEY DECIMAL CLASSIFICATION NUMBER | |
| Classification number | 338.23 / |
| Item number | G245d |
| Edition number | 23 |
| 100 1# - MAIN ENTRY--PERSONAL NAME | |
| Personal name | Garza Galindo, Alejandro Almeida, |
| Relator term | autor |
| 9 (RLIN) | 28141 |
| 245 10 - TITLE STATEMENT | |
| Title | Determinación del precio internacional del petróleo opciones para México / |
| Statement of responsibility, etc. | Alejandro Almeida Garza Galindo |
| 250 ## - EDITION STATEMENT | |
| Edition statement | Primera edición |
| 260 ## - PUBLICATION, DISTRIBUTION, ETC. | |
| Place of publication, distribution, etc. | México : |
| Name of publisher, distributor, etc. | Fondo de Cultura Económica, |
| Date of publication, distribution, etc. | 1994. |
| 300 ## - PHYSICAL DESCRIPTION | |
| Extent | xiii, 247 páginas : |
| Other physical details | ilustraciones y gráficas en blanco y negro ; |
| Dimensions | 23 cm. |
| 440 ## - SERIES STATEMENT/ADDED ENTRY--TITLE | |
| Title | #N/A |
| 9 (RLIN) | 28142 |
| 490 0# - SERIES STATEMENT | |
| Series statement | Económica Latinoamericana |
| 500 ## - GENERAL NOTE | |
| General note | Incluye índices. |
| 504 ## - BIBLIOGRAPHY, ETC. NOTE | |
| Bibliography, etc. note | Bibliografía : páginas 223-230. |
| 505 0# - FORMATTED CONTENTS NOTE | |
| Formatted contents note | Conceptos de los precios del petróleo y desarrollo del mercado internacional del petróleo. -- Determinación de los precios del petróleo. -- Las opciones de México en el mercado internacional del petróleo. |
| 520 0# - SUMMARY, ETC. | |
| Summary, etc. | Vasto y complejo, el mundo del petróleo rige la vida cotidiana de nuestra sociedad. Entre sus facetas esenciales está la determinación de los precios del crudo, por la cual se deciden y llevan a cabo todas las actividades ligadas a esta industria. Partiendo de una información hasta ahora dispersa y de muy difícil acceso, el autor analiza el pasado y el presente de los precios del petróleo ordenados de manera clara y significativa. Sólo un análisis exhaustivo de las características y evolución del mercado internacional del petróleo y de sus precios, permite definir con exactitud la posición y posibilidades de México en este contexto. De impecable rigor técnico, ésta es una valiosa fuente de información regida por una visión crítica e independiente. Esta obra es lectura obligada para quienes estudian el multifacético tema del petróleo y referencia esencial para quienes quieran incursionar en este campo.<br/>Alejandro Almeida Garza Galindo inició sus estudios en México y los continuó en los Países Bajos, Inglaterra y Austria, donde se doctoró en la Universidad de Viena. Ha trabajado en el Programa de Estudios Energéticos de El Colegio de México, en la Dirección General de Energéticos de las Comunidades Europeas y en la Organización para el Desarrollo Industrial de las Naciones Unidas en Viena. |
| 650 14 - SUBJECT ADDED ENTRY--TOPICAL TERM | |
| Topical term or geographic name entry element | Mercado petrolero |
| 9 (RLIN) | 40184 |
| 650 24 - SUBJECT ADDED ENTRY--TOPICAL TERM | |
| Topical term or geographic name entry element | Precios de recompra |
| General subdivision | Petróleo |
| 9 (RLIN) | 40185 |
| 650 24 - SUBJECT ADDED ENTRY--TOPICAL TERM | |
| Topical term or geographic name entry element | Disponibilidad del petróleo |
| 9 (RLIN) | 40186 |
| 942 ## - ADDED ENTRY ELEMENTS (KOHA) | |
| Source of classification or shelving scheme | Dewey Decimal Classification |
| Koha item type | Books |
| Withdrawn status | Lost status | Source of classification or shelving scheme | Damaged status | Not for loan | Home library | Current library | Shelving location | Date acquired | Source of acquisition | Full call number | Barcode | Date last seen | Copy number | Price effective from | Koha item type |
|---|---|---|---|---|---|---|---|---|---|---|---|---|---|---|---|
| Dewey Decimal Classification | Biblioteca Pública José María del Castillo y Rada | Biblioteca Pública José María del Castillo y Rada | General Stacks | 04/15/2018 | Donación | 338.23 / G245d | 430005317 | 05/16/2024 | Ej.1 | 03/10/2021 | Books |